000 01457nam a22003617a 4500
003 CHAP
005 20220329143405.0
008 090217s2008 mx a r 00010 spa d
010 _a95890
011 _a96862
035 _a107519
040 _cCHAP
090 _aTesis
100 1 _aPineda Bautista, José Pablo.
_988142
245 1 0 _aDescripción morfológica de una población silvestre de Eustoma exaltatum (L.) Griseb :
_balgunas aportaciones para su mejoramiento genético y valoración de su germoplasma en México
_c/por José Pablo Pineda Bautista
260 _aChapingo, Méx. :
_bEl autor,
_c2008
300 _ax, 122 h. :
_bilus., gráfs., tablas
502 _aTesis (Ing. Agr. Esp. en Fitotecnia) -- UACH. Departamento de Fitotecnia
590 _aALEPH
_b10
_c20130110
_lUCH01
_h1527
590 _aBATCH-UPD
_b10
_c20130110
_lUCH01
_h0221
590 _aBATCH-UPD
_b10
_c20130110
_lUCH01
_h0812
590 _aBATCH-UPD
_b10
_c20130409
_lUCH01
_h2242
590 _aBATCH-UPD
_b10
_c20130410
_lUCH01
_h1533
590 _aBATCH-UPD
_b10
_c20130914
_lUCH01
_h1334
590 _aCONVERSION
_b10
_c20130109
_lUCH01
_h1353
650 1 4 _aEustoma exaltatum.
_938904
650 1 4 _aPlantas ornamentales
_xMejoramiento.
_989070
650 1 4 _aRayos gamma
_xEfectos fisiológicos.
_994860
901 _aBK
942 _cFOLL
949 _aTesis
_bBC
_cTES
_d33724002082876
_eTS2
_fc.2
_h48926
_i107519
_sb
949 _aTesis
_bBC
_cTES
_d33724002082918
_eTS1
_h48925
_i107519
_sb
999 _c95890
_d95890